00553nam a2200157Ia 4500008004100000040001900041041001200060082003900072245012800111260002600239300002700265650001900292651004100311700003300352850001000385131103s9999 xx 000 0 und d aLoreto College aEnglish a821.5/POPb- ROS/821.53/POP LCLIB/ 4aThe poetical works of Alexander Popecedited with a critical memoir William Michael Rossetti;illustrated by Thomas Seccombe aLondonbWardc[19 -?] axxxix,600 p. c 18 cm. aEnglish Poetry aPope,Alexander - Poetry - Collection aRossetti,William Michael,ed. aLCLIB